Biodiversidad : mariposas :
Guardado en:
| Formato: | Libro |
|---|---|
| Publicado: |
Misiones :
Fundación Bosques Nativos Argentinos para la Biodiversidad,
2012
|
| Materias: | |
| Etiquetas: |
Agregar Etiqueta
Sin Etiquetas, Sea el primero en etiquetar este registro!
|
| LEADER | 00900nam a22002055a 4500 | ||
|---|---|---|---|
| 001 | CEM.cems018312 | ||
| 005 | 20140526125615.0 | ||
| 008 | 130507s2012##################000#0#####d | ||
| 003 | CEMS | ||
| 082 | 0 | 4 | |a FC574.5 |
| 245 | 0 | 0 | |a Biodiversidad : |b mariposas : |
| 260 | |a Misiones : |b Fundación Bosques Nativos Argentinos para la Biodiversidad, |c 2012 | ||
| 300 | |a 20 p. | ||
| 505 | 0 | |a La selva misionera : una maravilla para todos los sentidos - El CIAR, Centro de Investigaciones Antonia Ramos -- Investigando en la selva, entrevista Lic. Esteban Avigliano -- Relevamiento Lepidópteros de la cuenca Acaraguá, Misiones, Argentina | |
| 653 | |a Biodiversidad | ||
| 653 | |a Selva misionera | ||
| 653 | |a Mariposas-especies nativas | ||
| 653 | |a Ecología | ||
| 859 | |a CEMS |b BIB. CEMS - Agricultura |h FC574.5 |i B520 |p A0094.44 |t Ej.1 |v 2 |3 2 | ||
| 859 | |a CEMS |b BIB. CEMS - Agricultura |h FC574.5 |i B520 |p A0095.44 |t Ej.2 |v 2 |3 2 | ||
